Learning Resource and Development

Entrepreneur. (Record no. 27887)

MARC details
000 -LEADER
fixed length control field 01281cas a2200385 i 4500
001 - CONTROL NUMBER
control field 11221643
003 - CONTROL NUMBER IDENTIFIER
control field CSPC
005 - DATE AND TIME OF LATEST TRANSACTION
control field 20260219112250.0
008 - FIXED-LENGTH DATA ELEMENTS--GENERAL INFORMATION
fixed length control field 072024c2024 caubr po 0 a0eng c
010 ## - LIBRARY OF CONGRESS CONTROL NUMBER
LC control number 78646629
022 0# - INTERNATIONAL STANDARD SERIAL NUMBER
International Standard Serial Number 0163-3341
Source 1
032 ## - POSTAL REGISTRATION NUMBER
Postal registration number 997420
Source agency assigning number USPS
035 ## - SYSTEM CONTROL NUMBER
System control number (OCoLC)ocm04026654
040 ## - CATALOGING SOURCE
Original cataloging agency CSPC
Language of cataloging eng
Transcribing agency CSPC
Description conventions rda
050 00 - LIBRARY OF CONGRESS CALL NUMBER
Classification number HF5001
082 04 - DEWEY DECIMAL CLASSIFICATION NUMBER
Edition number En86
222 #0 - KEY TITLE
Key title Entrepreneur
Qualifying information (Online)
245 00 - TITLE STATEMENT
Title Entrepreneur.
264 #1 - PRODUCTION, PUBLICATION, DISTRIBUTION, MANUFACTURE, AND COPYRIGHT NOTICE
Place of production, publication, distribution, manufacture Irvine, California :
Name of producer, publisher, distributor, manufacturer Entrepreneur Media Inc.,
Date of production, publication, distribution, manufacture, or copyright notice 2024.
300 ## - PHYSICAL DESCRIPTION
Extent volumes :
Other physical details illustrations ;
Dimensions 27 cm.
310 ## - CURRENT PUBLICATION FREQUENCY
Current publication frequency Bimonthly,
336 ## - CONTENT TYPE
Source rdacontent
Content type term text
337 ## - MEDIA TYPE
Source rdamedia
Media type term unmediated
338 ## - CARRIER TYPE
Source rdacarrier
Carrier type term volume
504 ## - BIBLIOGRAPHY, ETC. NOTE
Bibliography, etc. note Includes bibliographical references
521 ## - TARGET AUDIENCE NOTE
Target audience note Bachelor of Science in Entrepreneurship<br/>
650 #7 - SUBJECT ADDED ENTRY--TOPICAL TERM
Topical term or geographic name entry element Self-employed.
Authority record control number or standard number (OCoLC)fst01111635
Form subdivision Periodicals.
650 #7 - SUBJECT ADDED ENTRY--TOPICAL TERM
Topical term or geographic name entry element Success.
Source of heading or term fast
Authority record control number or standard number (OCoLC)fst01137041
655 #0 - INDEX TERM--GENRE/FORM
Genre/form data or focus term Periodicals
Source of term fast
776 08 - ADDITIONAL PHYSICAL FORM ENTRY
Relationship information Online version:
Title Entrepreneur (Santa Monica, Calif.)
Record control number (OCoLC)759097756
780 00 - PRECEDING ENTRY
Title International entrepreneurs'
787 08 - OTHER RELATIONSHIP ENTRY
International Standard Serial Number 0163-3341
942 ## - ADDED ENTRY ELEMENTS (KOHA)
Source of classification or shelving scheme Dewey Decimal Classification
Koha item type Serials
Suppress in OPAC No
Classification part 338/.005
Holdings
Withdrawn status Lost status Source of classification or shelving scheme Damaged status Not for loan Home library Current library Shelving location Date acquired Serial Enumeration / chronology Total Checkouts Full call number Barcode Date last seen Copy number Price effective from Koha item type Public note
    Dewey Decimal Classification   Not For Loan Main Library Main Library Serials 07/31/2024 Vol.52,No.2 March-April 2024   Ser ENTREP 18 v.52 n.2 2024 00034S 07/31/2024 1-1 07/31/2024 Serials Journal
    Dewey Decimal Classification   Not For Loan Main Library Main Library Serials 08/12/2024 Vol.51,No.6 November-December 2023   Ser ENTREP 18 v.51 n.6 2023 00035S 08/12/2024 1-1 08/12/2024 Serials Journal
    Dewey Decimal Classification   Not For Loan Main Library Main Library Serials 08/13/2024 Vol.51,No.5 September/October 2023   Ser ENTREP 18 v.51 n.5 2023 00071S 08/14/2024 2-2 08/14/2024 Serials Journal
    Dewey Decimal Classification   Not For Loan Main Library Main Library Serials 08/13/2024 Vol.51,No.5 September/October 2023   Ser ENTREP 18 v.51 n.5 2023 00070S 08/14/2024 1-2 08/14/2024 Serials Journal
    Dewey Decimal Classification   Not For Loan Main Library Main Library Serials 08/14/2024 Vol.52,No.1 January/February 2023   Ser ENTREP 18 v.52 n.1 2023 00036S 08/15/2024 1-1 08/15/2024 Serials Journal
    Dewey Decimal Classification   Not For Loan Main Library Main Library Serials 12/16/2024 Vol.52, No.3 May-June 2024   Ser ENTREP 18 v.52 n.3 2024 00221S 12/16/2024 1-1 12/16/2024 Serials Journal